[Event "Guimaraes Open 2019"]
[Site "Guimaraes"]
[Date "2019.08.29"]
[Round "3.6"]
[White "Abdurramane, Danial Germano"]
[Black "Chueca Forcen, Alberto"]
[Result "0-1"]
[WhiteElo "1405"]
[BlackElo "2355"]
[Annotator "ChessBase"]
[PlyCount "46"]
[EventDate "2019.08.28"]
[EventType "swiss"]
[EventCountry "POR"]
[SourceTitle "playchess.com"]
[Source "ChessBase"]
[SourceQuality "1"]
[TimeControl "5400+30"]

1. d4 {[%emt 0:00:00]} d5 {[%emt 0:01:43]} 2. Nf3 {[%emt 0:00:00]} Nf6 {[%emt 0:00:14]} 3. e3 {[%emt 0:00:23]} c5 {[%emt 0:00:26]} 4. Bd3 {[%emt 0:01:00]} Nc6 {[%emt 0:00:10]} 5. O-O {[%emt 0:02:35]} e6 {[%emt 0:00:07]} 6. b3 {[%emt 0:00:33]} Bd6 {[%emt 0:00:29]} 7. Bb2 {[%emt 0:00:35]} Qc7 {[%emt 0:02:42]} 8. a3 {[%emt 0:01:33]} Bd7 {[%emt 0:03:40]} 9. Nbd2 {[%emt 0:01:32]} e5 {[%emt 0:00:44]} 10. dxc5 {[%emt 0:09:12]} Bxc5 {[%emt 0:00:28]} 11. e4 {[%emt 0:00:55]} d4 {[%emt 0:05:21]} 12. b4 {[%emt 0:08:04]} Be7 {[%emt 0:01:12]} 13. c3 {[%emt 0:10:12]} dxc3 {[%emt 0:09:03]} 14. Bxc3 {[%emt 0:01:27]} Rd8 {[%emt 0:00:49]} 15. Rc1 {[%emt 0:09:40]} Qb8 {[%emt 0:01:11]} 16. Bb5 {[%emt 0:05:24]} Nd4 {[%emt 0:06:10]} 17. Bxd4 {[%emt 0:03:27]} exd4 {[%emt 0:01:58]} 18. Nxd4 {[%emt 0:01:18]} O-O {[%emt 0:01:50]} 19. Re1 {[%emt 0:04:26]} Bg4 {[%emt 0:04:11]} 20. f3 {[%emt 0:08:09]} Rxd4 {[%emt 0:02:29]} 21. fxg4 {[%emt 0:00:08]} Qf4 {[%emt 0:01:03]} 22. Re2 {[%emt 0:06:16]} Nxg4 {[%emt 0:00:58]} 23. g3 {[%emt 0:02:18]} Qg5 {[%emt 0:00:48]} 0-1

[Event "Guimaraes Open 2019"]
[Site "Guimaraes"]
[Date "2019.08.29"]
[Round "3.7"]
[White "Martin Duque, Jesus"]
[Black "Cuna Moreira, Joaquin"]
[Result "1-0"]
[WhiteElo "2353"]
[BlackElo "1192"]
[Annotator "TA"]
[PlyCount "57"]
[EventDate "2019.08.28"]
[EventType "swiss"]
[EventCountry "POR"]
[SourceTitle "playchess.com"]
[Source "ChessBase"]
[SourceQuality "1"]

{[%evp 15,57,122,135,130,190,163,158,168,251,235,320,310,318,301,300,255,314,314,314,303,282,246,241,158,158,175,163,151,149,143,145,123,249,227,209,214,241,216,325,326,335,306,315,313]} 1. e4 d6 2. d4 Nf6 3. Nc3 g6 4. Be3 Bg7 5. Qd2 O-O 6. O-O-O b6 7. Bh6 Bb7 8. f3 Nbd7 9. h4 {B07: Pirc Defence: Miscellaneous Systems} c5 (9... e5 $16) (9... e5 10. d5 a6 11. g4 Nc5 12. h5 Bc8 13. Nge2 b5 14. Ng3 b4 15. Nb1 a5 16. hxg6 hxg6 17. Bxg7 Kxg7 18. Qh6+ {1-0 (18) Kukas,O (2098)-Mlinaric,S (1702) Krapina 2019}) 10. Nge2 cxd4 11. Nxd4 {White is clearly better.} Ne5 $146 {[#]} (11... Bxh6 $142 12. Qxh6 Kh8) ({Predecessor:} 11... e6 12. h5 Nxh5 13. Bxg7 Kxg7 14. g4 Nhf6 15. Qh6+ Kg8 16. Nce2 Rc8 17. Ng3 {1-0 (17) Abdalla,Y (1387)-Mustafayev,I Batumi 2016}) 12. h5 $1 $18 {[%mdl 512]} Qd7 (12... Nxh5 13. g4) 13. Bb5 (13. Bxg7 Kxg7 14. Bb5 (14. hxg6 fxg6 15. Bb5 Qc8 $18) 14... Qc8 $18) 13... Qc8 14. hxg6 fxg6 15. Ba4 Ba6 16. Bxg7 Kxg7 17. Qh6+ Kg8 18. Nd5 Rf7 19. Kb1 Bc4 20. Nxf6+ exf6 21. Bb3 Bxb3 22. axb3 ({But not} 22. Nxb3 Qd7 $16) 22... a5 23. Nb5 Qf8 (23... Qc6 $16 {is a better defense.}) 24. Qxf8+ ({Not} 24. Nxd6 Qxh6 25. Rxh6 Rd7 $11) 24... Raxf8 25. Rxd6 Rb8 26. Rhd1 Re7 (26... h5 $142 27. Nc3 Kg7) 27. Rxf6 {White has a decisive advantage.} Kg7 28. Rfd6 Nf7 29. Rd7 {Accuracy: White = 67%, Black = 40%.} 1-0

[Event "Guimaraes Open 2019"]
[Site "Guimaraes"]
[Date "2019.08.29"]
[Round "3.8"]
[White "Silva, Jose Lucas Ferreira"]
[Black "Nieves Cabanes, Jose Manuel"]
[Result "0-1"]
[WhiteElo "1261"]
[BlackElo "2311"]
[Annotator "ChessBase"]
[PlyCount "142"]
[EventDate "2019.08.28"]
[EventType "swiss"]
[EventCountry "POR"]
[SourceTitle "playchess.com"]
[Source "ChessBase"]
[SourceQuality "1"]
[TimeControl "5400+30"]

1. e4 {[%emt 0:00:00]} e5 {[%emt 0:00:00]} 2. Nf3 {[%emt 0:00:05]} Nc6 {[%emt 0:00:00]} 3. d4 {[%emt 0:00:13]} exd4 {[%emt 0:00:20]} 4. Bc4 {[%emt 0:00:53]} Bc5 {[%emt 0:01:50]} 5. c3 {[%emt 0:02:05]} Nf6 {[%emt 0:01:03]} 6. cxd4 {[%emt 0:01:09]} Bb4+ {[%emt 0:00:07]} 7. Bd2 {[%emt 0:00:11]} Bxd2+ {[%emt 0:00:18]} 8. Nbxd2 {[%emt 0:00:08]} d5 {[%emt 0:00:17]} 9. exd5 {[%emt 0:00:35]} Nxd5 {[%emt 0:00:06]} 10. Qb3 {[%emt 0:03:30]} Nce7 {[%emt 0:03:06]} 11. O-O {[%emt 0:00:47]} O-O {[%emt 0:00:04]} 12. Ne4 {[%emt 0:00:48]} Nb6 {[%emt 0:01:47]} 13. Bd3 {[%emt 0:03:29]} Be6 {[%emt 0:04:55]} 14. Qc2 {[%emt 0:01:46]} h6 {[%emt 0:00:50]} 15. Nc5 {[%emt 0:01:09]} Bd5 {[%emt 0:01:03]} 16. Be4 {[%emt 0:00:45]} Rb8 {[%emt 0:01:08]} 17. Rac1 {[%emt 0:03:25]} Re8 {[%emt 0:03:57]} 18. Rfe1 {[%emt 0:01:39]} c6 {[%emt 0:03:40]} 19. Re2 {[%emt 0:02:49]} Bxe4 {[%emt 0:10:19]} 20. Rxe4 {[%emt 0:06:07]} Ned5 {[%emt 0:01:13]} 21. Rxe8+ {[%emt 0:02:10]} Qxe8 {[%emt 0:02:04]} 22. Re1 {[%emt 0:00:46]} Qd8 {[%emt 0:00:48]} 23. a3 {[%emt 0:01:09]} Nc8 {[%emt 0:03:24]} 24. Qf5 {[%emt 0:05:50]} Nd6 {[%emt 0:00:38]} 25. Qd7 {[%emt 0:01:29]} Qxd7 {[%emt 0:02:35]} 26. Nxd7 {[%emt 0:00:16]} Rd8 {[%emt 0:00:15]} 27. Nc5 {[%emt 0:00:36]} b6 {[%emt 0:03:52]} 28. Nd3 {[%emt 0:01:47]} f6 {[%emt 0:01:00]} 29. g3 {[%emt 0:04:58]} Kf7 {[%emt 0:00:40]} 30. Kg2 {[%emt 0:00:14]} g5 {[%emt 0:01:44]} 31. g4 {[%emt 0:00:40]} h5 {[%emt 0:01:08]} 32. h3 {[%emt 0:00:23]} h4 {[%emt 0:00:42]} 33. Kh2 {[%emt 0:03:45]} a5 {[%emt 0:04:07]} 34. b3 {[%emt 0:05:08]} Nb5 {[%emt 0:02:43]} 35. a4 {[%emt 0:02:33]} Nbc7 {[%emt 0:00:04]} 36. Rc1 {[%emt 0:00:21]} Rd6 {[%emt 0:00:21]} 37. Nb2 {[%emt 0:01:39]} Re6 {[%emt 0:04:33]} 38. Re1 {[%emt 0:03:30]} b5 {[%emt 0:02:29]} 39. Nd3 {[%emt 0:01:57]} Rxe1 {[%emt 0:00:56]} 40. Nfxe1 {[%emt 0:00:38]} Ne6 {[%emt 0:00:11]} 41. Nc2 {[%emt 0:01:22]} Nc3 {[%emt 0:03:03]} 42. Nb2 {[%emt 0:01:54]} Ne2 {[%emt 0:02:30]} 43. d5 {[%emt 0:01:26]} cxd5 {[%emt 0:02:08]} 44. axb5 {[%emt 0:00:07]} Ke7 {[%emt 0:01:39]} 45. Ne3 {[%emt 0:02:48]} Kd6 {[%emt 0:01:05]} 46. Na4 {[%emt 0:00:28]} N2d4 {[%emt 0:02:09]} 47. b6 {[%emt 0:00:40]} Nf4 {[%emt 0:03:28]} 48. Ng2 {[%emt 0:05:49]} Nxb3 {[%emt 0:06:38]} 49. Nxf4 {[%emt 0:00:29]} gxf4 {[%emt 0:00:03]} 50. Kg2 {[%emt 0:00:09]} Nd2 {[%emt 0:00:46]} 51. f3 {[%emt 0:00:22]} Kc6 {[%emt 0:00:55]} 52. Kf2 {[%emt 0:00:13]} Nc4 {[%emt 0:00:12]} 53. Ke2 {[%emt 0:00:11]} Nxb6 {[%emt 0:00:14]} 54. Nxb6 {[%emt 0:00:07]} Kxb6 {[%emt 0:00:09]} 55. Kd3 {[%emt 0:00:08]} Kc5 {[%emt 0:00:12]} 56. Kc3 {[%emt 0:00:10]} a4 {[%emt 0:00:25]} 57. Kb2 {[%emt 0:00:06]} Kc4 {[%emt 0:00:26]} 58. Kc2 {[%emt 0:00:09]} a3 {[%emt 0:00:06]} 59. Kb1 {[%emt 0:00:06]} Kc3 {[%emt 0:00:33]} 60. Ka2 {[%emt 0:00:25]} d4 {[%emt 0:00:20]} 61. g5 fxg5 {[%emt 0:00:11]} 62. Ka1 {[%emt 0:00:19]} Kc2 {[%emt 0:00:10]} 63. Ka2 {[%emt 0:00:19]} d3 {[%emt 0:00:06]} 64. Ka1 {[%emt 0:00:05]} d2 {[%emt 0:00:08]} 65. Ka2 {[%emt 0:00:04]} d1=Q {[%emt 0:00:26]} 66. Kxa3 {[%emt 0:00:07]} Qb1 {[%emt 0:00:12]} 67. Ka4 {[%emt 0:00:05]} Kc3 {[%emt 0:00:06]} 68. Ka5 {[%emt 0:00:07]} Kc4 {[%emt 0:00:04]} 69. Ka6 {[%emt 0:00:08]} Kc5 {[%emt 0:00:04]} 70. Ka7 {[%emt 0:00:11]} Kc6 {[%emt 0:00:05]} 71. Ka8 {[%emt 0:00:04]} Qb7# {[%emt 0:00:04]} 0-1

[Event "Guimaraes Open 2019"]
[Site "Guimaraes"]
[Date "2019.08.29"]
[Round "3.10"]
[White "Donadio Falcon, Pablo"]
[Black "Tilicheev, Viacheslav"]
[Result "0-1"]
[WhiteElo "1925"]
[BlackElo "2482"]
[Annotator "TA"]
[PlyCount "42"]
[EventDate "2019.08.28"]
[EventType "swiss"]
[EventCountry "POR"]
[SourceTitle "playchess.com"]
[Source "ChessBase"]
[SourceQuality "1"]

{[%evp 9,42,-23,-15,-17,-10,-37,8,-37,-36,-45,-35,-163,-179,-174,-167,-220,-206,-267,-266,-277,-269,-292,-259,-512,-503,-502,-506,-588,-482,-587,-568,-665,-587,-581,-572]} 1. e4 c5 2. Nf3 e6 3. c3 Nf6 4. Qc2 Nc6 (4... d5 5. e5 Nfd7 6. g3 Nc6 7. Bg2 Qc7 8. d4 cxd4 9. Bf4 d3 10. Qxd3 Ndxe5 11. Nxe5 Nxe5 12. Qe2 {½-½ (38) Rodriguez Vila,A (2547)-Flores Rios,M (2391) Villa Martelli 2007}) 5. d4 cxd4 6. Nxd4 {B40: Sicilian: 2...e6, Unusual lines} Qc7 {Hoping for ...Nxd4.} 7. Nxc6 dxc6 8. g3 $146 {The position is equal.} ({Predecessor:} 8. Bg5 Qe5 9. Bxf6 Qxf6 10. Nd2 e5 11. Nc4 Bc5 12. b4 {0-1 (27) Galarreta Santana,J (1619)-Lopez Ziegler,C (1881) Madrid 2018}) 8... Bc5 9. Bg2 h5 10. h4 {[#]} (10. b4 $15 Be7 11. Nd2) 10... Ng4 $1 $36 {[%mdl 2048] Black has strong initiative.} 11. Rf1 b6 12. Bf4 (12. Bf3 {might work better.}) 12... e5 13. Bd2 Ba6 14. c4 Rd8 15. b3 Qd6 16. f3 $2 {[#]} (16. a3) 16... Ne3 $1 {[%mdl 512] Black is clearly winning.} 17. Bxe3 Bxe3 18. Ke2 Bd4 19. Nc3 Qg6 20. Rh1 Qxg3 21. Kf1 b5 {Accuracy: White = 16%, Black = 61%.} 0-1

[Event "Guimaraes Open 2019"]
[Site "Guimaraes"]
[Date "2019.08.29"]
[Round "3.11"]
[White "Basilio, Rodrigo"]
[Black "Campora, Daniel H."]
[Result "0-1"]
[WhiteElo "1782"]
[BlackElo "2426"]
[Annotator "TA"]
[PlyCount "152"]
[EventDate "2019.08.28"]
[EventType "swiss"]
[EventCountry "POR"]
[SourceTitle "playchess.com"]
[Source "ChessBase"]
[SourceQuality "1"]

{[%evp 12,152,32,20,43,51,52,50,40,45,48,46,72,24,87,83,74,88,235,194,223,225,219,120,126,83,84,82,89,36,38,31,32,-39,-33,-43,38,24,54,0,0,0,0,0,0,0,0,0,1,0,0,0,0,0,0,-35,0,-33,-33,-25,-25,-25,-25,-25,-25,-25,-25,-25,-25,-25,-25,-25,-25,-32,-25,-32,-18,-18,-18,-43,-43,-61,-48,-56,-56,-66,-66,-70,-70,-70,-73,-72,-48,-48,-48,-63,-64,-87,-30,-246,-219,-202,-202,-207,-208,-259,-247,-358,-358,-350,-315,-335,-318,-475,-393,-467,-476,-588,-564,-785,-757,-1291,-1287,-801,-603,-769,-818,-738,-994,-1095,-910,-29983,-29984,-29985,-29986,-29986,-29987,-29987,-29988,-29988,-29987,-29990,-29991]} 1. e4 d6 2. Nf3 Nf6 3. Nc3 g6 4. Bc4 Bg7 5. h3 O-O 6. d4 c6 7. Bb3 a5 {B08: Pirc Defence: Classical System} 8. a4 Qc7 (8... e6 9. O-O d5 10. Re1 Nbd7 11. Bf4 Nxe4 12. Nxe4 dxe4 13. Rxe4 c5 14. Bd6 Re8 15. dxc5 Bxb2 {1-0 (48) Georgiadis,N (2473)-Krasenkow,M (2614) Austria 2015}) 9. O-O e5 {White is slightly better.} 10. d5 $146 ({Predecessor:} 10. Be3 Na6 11. Re1 Re8 12. Qd2 Be6 13. Bxe6 Rxe6 14. d5 Ree8 15. Rad1 Rad8 {½-½ (69) Wahedi,A (2290)-Czebe,A (2477) Cappelle-la-Grande 2012}) 10... Na6 11. Be3 Nb4 12. Qe2 h6 (12... cxd5 $11 13. exd5 Qd8) 13. Rfd1 $16 Kh7 14. Nd2 c5 (14... cxd5 $16 {was called for.} 15. exd5 (15. Nxd5 Nbxd5 16. exd5 Nd7 $14) 15... Bf5) 15. Nb5 Qd8 16. c3 Na6 17. Bc2 (17. Nc4 $18) 17... Nc7 18. Nxc7 Qxc7 19. Nc4 b6 20. f4 (20. Qf3 $16) 20... exf4 $14 21. Bxf4 Ba6 22. Bd3 (22. Re1 $14) 22... Bxc4 $1 $15 23. Bxc4 Nd7 (23... Rae8 $1 $15) 24. Bd3 Ne5 25. Bxe5 (25. Bb5 $14) 25... Bxe5 $11 26. Rf1 Qe7 27. Rf3 Kg7 28. Raf1 h5 29. Qe3 h4 30. Qf2 Ra7 31. Qd2 Bg3 32. Qc2 Qg5 33. Qc1 Qe5 34. c4 Qe7 35. b3 Be5 36. Qd2 Qd8 37. Qc1 Rh8 38. Qd2 Rh5 39. Kh1 Bg3 40. Qc3+ Re5 41. Qd2 Rg5 42. Qe3 Rd7 43. Qd2 Re5 44. Qc1 Qg5 45. Qxg5 Rxg5 46. Bc2 Re7 47. Bd3 Be5 48. Bc2 Rg3 49. Rxg3 Bxg3 $15 {[%mdl 4096] Endgame KRB-KRB} 50. Bd3 Kh6 51. Bc2 Kg5 52. Bd3 f6 53. Kg1 Re5 54. Rf3 f5 ({Black should play} 54... Bf4 $17) 55. exf5 $2 {[#]} (55. Re3 $1 $11) 55... gxf5 $19 56. Rf1 f4 57. Rf3 Kf6 58. Bc2 Re2 59. Bd1 (59. Bd3 $142 Re1+ 60. Rf1) 59... Rd2 60. Rf1 Rd3 61. Bg4 Rxb3 62. Bd7 (62. Rc1 $142) 62... Rb2 63. Bc6 Ke5 64. Bd7 Kd4 65. Bb5 Ke3 66. Bd7 Bf2+ 67. Kh1 Ke2 68. Rc1 Be3 69. Ra1 Kd3 70. Bb5 {[#]} Rxb5 $1 {[%mdl 512]} 71. cxb5 {KR-KB} (71. axb5 Kxc4) 71... c4 {Black mates.} 72. Rd1+ Ke2 73. Ra1 c3 74. Ra2+ Kd3 75. Ra3 Bc5 76. Rb3 Kc2 {Accuracy: White = 36%, Black = 69%.} 0-1

[Event "Guimaraes Open 2019"]
[Site "Guimaraes"]
[Date "2019.08.29"]
[Round "3.12"]
[White "Barrento, Jorge Maria Lopes"]
[Black "Lopez Mulet, Inigo"]
[Result "0-1"]
[WhiteElo "1745"]
[BlackElo "2397"]
[Annotator "RC"]
[PlyCount "90"]
[EventDate "2019.08.28"]
[EventType "swiss"]
[EventCountry "POR"]
[SourceTitle "playchess.com"]
[Source "ChessBase"]
[SourceQuality "1"]
[TimeControl "5400+30"]

1. d4 {[%emt 0:00:00]} Nf6 {[%emt 0:00:00]} 2. f3 {[%emt 0:00:26]} d5 {[%emt 0:00:08]} 3. e4 {[%emt 0:00:02]} dxe4 {[%emt 0:03:53]} 4. Nc3 {[%emt 0:00:56]} exf3 {[%emt 0:03:00]} 5. Nxf3 {[%emt 0:01:50]} Bg4 {[%emt 0:00:17]} 6. h3 {[%emt 0:00:38]} Bh5 {[%emt 0:00:26]} 7. g4 {[%emt 0:00:11]} Bg6 {[%emt 0:00:04]} 8. Ne5 {[%emt 0:00:02]} Nbd7 {[%emt 0:04:52]} 9. Nxg6 {[%emt 0:03:25]} hxg6 {[%emt 0:00:05]} 10. Bg2 {[%emt 0:00:11]} c6 {[%emt 0:01:25]} 11. Qd3 {[%emt 0:01:35]} e6 {[%emt 0:01:35]} 12. Bg5 {[%emt 0:01:57]} Be7 {[%emt 0:01:55]} 13. O-O-O {[%emt 0:03:56]} Nb6 {[%emt 0:01:20]} 14. Rhf1 {[%emt 0:03:44]} Nbd5 {[%emt 0:05:28]} 15. Nxd5 {[%emt 0:08:09]} cxd5 {[%emt 0:00:23]} 16. Qb5+ {[%emt 0:03:02]} Qd7 {[%emt 0:00:09]} 17. Qxd7+ {[%emt 0:00:18]} Nxd7 {[%emt 0:01:51]} 18. Bxe7 {[%emt 0:00:50]} Kxe7 {[%emt 0:00:05]} 19. Rde1 {[%emt 0:00:40]} Nb6 {[%emt 0:00:45]} 20. Re3 {[%emt 0:06:36]} g5 {[%emt 0:04:49]} 21. b3 {[%emt 0:03:35]} Rad8 {[%emt 0:01:10]} 22. a4 {[%emt 0:01:24]} Rd6 {[%emt 0:01:10]} 23. Rf5 {[%emt 0:01:30]} f6 {[%emt 0:01:56]} 24. a5 {[%emt 0:05:47]} Kd7 {[%emt 0:01:46]} 25. Rf2 {[%emt 0:00:37]} Nc8 {[%emt 0:00:06]} 26. Bf1 {[%emt 0:00:18]} a6 {[%emt 0:00:41]} 27. b4 {[%emt 0:01:03]} Ne7 {[%emt 0:00:37]} 28. Bd3 {[%emt 0:02:17]} Rc8 {[%emt 0:06:00]} 29. Kb2 {[%emt 0:06:29]} Ke8 {[%emt 0:02:21]} 30. h4 {[%emt 0:02:29]} gxh4 {[%emt 0:00:27]} 31. Rh3 {[%emt 0:00:27]} Kf7 {[%emt 0:03:34]} 32. Rxh4 {[%emt 0:00:56]} Nc6 {[%emt 0:00:08]} 33. c3 {[%emt 0:01:04]} e5 {[%emt 0:00:08]} 34. Bf5 {[%emt 0:05:40]} Rc7 {[%emt 0:02:00]} 35. dxe5 {[%emt 0:01:13]} Nxe5 {[%emt 0:00:10]} 36. g5 {[%emt 0:02:34]} fxg5 {[%emt 0:00:32]} 37. Bc2+ {[%emt 0:02:43]} Rf6 {[%emt 0:00:41]} 38. Rxf6+ {[%emt 0:01:18]} Kxf6 {[%emt 0:00:05]} 39. Rd4 {[%emt 0:00:09]} Ke6 {[%emt 0:00:48]} 40. Bb3 {[%emt 0:00:57]} Rd7 {[%emt 0:00:06]} 41. Rd1 {[%emt 0:03:18]} g4 {[%emt 0:00:31]} 42. Rg1 {[%emt 0:01:43]} Kf5 {[%emt 0:00:30]} 43. Rf1+ {[%emt 0:05:50]} Nf3 {[%emt 0:00:12]} 44. c4 {[%emt 0:03:20]} dxc4 {[%emt 0:01:01]} 45. Bxc4 {[%emt 0:00:15]} Kf4 {[%emt 0:00:49]} 0-1

[Event "Guimaraes Open 2019"]
[Site "Guimaraes"]
[Date "2019.08.29"]
[Round "3.13"]
[White "Lemos, Artur Jorge Capela G"]
[Black "Portela Peleteiro, Alberto"]
[Result "0-1"]
[WhiteElo "1527"]
[BlackElo "2375"]
[Annotator "TA"]
[PlyCount "48"]
[EventDate "2019.08.28"]
[EventType "swiss"]
[EventCountry "POR"]
[SourceTitle "playchess.com"]
[Source "ChessBase"]
[SourceQuality "1"]

{[%evp 9,48,-25,-22,-8,0,-6,8,0,0,-25,0,-15,9,-55,-47,-41,-53,-45,-42,-37,-41,-88,-87,-92,-58,-99,-111,-114,-116,-108,-114,-223,-66,-102,-88,-83,-57,-551,-568,-993,-979]} 1. d4 d6 2. c4 e5 3. d5 f5 4. e3 (4. e4 Nf6 5. Nc3 g6 6. Bd3 Bg7 7. exf5 gxf5 8. Qc2 Qd7 9. Nh3 Na6 10. a3 Nc5 11. Be2 a5 12. Be3 h6 13. O-O {0-1 (27) Flom,G (2448)-Onischuk,V (2623) Bastia 2017}) 4... Nf6 5. Nf3 g6 6. Nc3 {A41: 1 d4 d6: Tartakower System and Modern Defence} Bg7 7. Be2 O-O 8. O-O {The position is equal.} a5 9. Rb1 $146 ({Predecessor:} 9. Bd2 Na6 10. a3 Bd7 11. Rb1 Nc5 {½-½ (45) Piecha,L (1752)-David,I (1887) Wokefield 2017}) 9... Bd7 10. Nd2 Qe8 11. Nb5 ({Better is} 11. a3 $11) 11... Na6 12. a3 Kh8 13. Nc3 a4 14. b3 axb3 15. Qxb3 Nc5 16. Qc2 f4 17. e4 g5 18. Nb5 Qd8 19. f3 g4 20. Nb3 (20. fxg4 $17 {was called for.} Bxg4 21. Bxg4 Nxg4 22. Nb3) 20... Nxb3 $2 ({Black should try} 20... gxf3 $19 21. Bxf3 Ncxe4 $1 {[%mdl 512]}) 21. Qxb3 b6 22. a4 h5 23. Kf2 $2 {[%mdl 8192]} (23. Bd2 $15) 23... Nxe4+ $19 24. fxe4 {[#] aiming for Kg1.} Qh4+ $1 {Accuracy: White = 38%, Black = 61%.} 0-1

[Event "Guimaraes Open 2019"]
[Site "Guimaraes"]
[Date "2019.08.29"]
[Round "3.14"]
[White "Fernandes, Rui Filipe Santos"]
[Black "Lara Lopez, Sergio"]
[Result "0-1"]
[WhiteElo "1434"]
[BlackElo "2226"]
[Annotator "ChessBase"]
[PlyCount "54"]
[EventDate "2019.08.28"]
[EventType "swiss"]
[EventCountry "POR"]
[SourceTitle "playchess.com"]
[Source "ChessBase"]
[SourceQuality "1"]
[TimeControl "5400+30"]

1. d4 e6 2. Bf4 {[%emt 0:01:51]} Nf6 {[%emt 0:00:06]} 3. e3 {[%emt 0:00:42]} b6 {[%emt 0:00:24]} 4. Nf3 {[%emt 0:03:50]} Bb7 {[%emt 0:00:06]} 5. Nbd2 {[%emt 0:01:11]} Be7 {[%emt 0:04:33]} 6. h3 c5 {[%emt 0:01:09]} 7. c3 {[%emt 0:05:12]} Nc6 {[%emt 0:04:03]} 8. Bd3 {[%emt 0:09:37]} d6 {[%emt 0:00:44]} 9. Qc2 {[%emt 0:11:57]} Rc8 {[%emt 0:00:17]} 10. O-O {[%emt 0:22:04]} O-O {[%emt 0:00:43]} 11. Bg5 {[%emt 0:07:57]} h6 {[%emt 0:00:10]} 12. Bh4 {[%emt 0:06:12]} cxd4 {[%emt 0:00:22]} 13. exd4 {[%emt 0:01:52]} Nb4 {[%emt 0:00:11]} 14. Qb1 {[%emt 0:00:21]} Nxd3 {[%emt 0:00:07]} 15. Qxd3 {[%emt 0:06:58]} Nd5 {[%emt 0:00:09]} 16. Bg3 {[%emt 0:01:28]} Qd7 {[%emt 0:00:54]} 17. Rfe1 {[%emt 0:03:24]} Rce8 {[%emt 0:02:40]} 18. a4 {[%emt 0:03:15]} a6 {[%emt 0:01:01]} 19. Nf1 {[%emt 0:05:52]} f5 {[%emt 0:00:38]} 20. Qe2 {[%emt 0:01:30]} Bf6 {[%emt 0:00:11]} 21. Ne3 {[%emt 0:03:23]} Nxe3 {[%emt 0:01:06]} 22. fxe3 Re7 {[%emt 0:00:37]} 23. Nh4 {[%emt 0:01:23]} Bxh4 {[%emt 0:00:18]} 24. Bxh4 {[%emt 0:00:02]} g5 {[%emt 0:00:02]} 25. Bg3 {[%emt 0:00:38]} Rg7 {[%emt 0:00:53]} 26. Qh5 {[%emt 0:00:28]} Rf6 {[%emt 0:00:37]} 27. Re2 {[%emt 0:01:12]} Rfg6 {[%emt 0:00:37]} 0-1

[Event "Guimaraes Open 2019"]
[Site "Guimaraes"]
[Date "2019.08.29"]
[Round "3.15"]
[White "Lopez Gonzalez, Alfonso"]
[Black "Bertomeu Ginestar, Antoni"]
[Result "1-0"]
[WhiteElo "2219"]
[BlackElo "1883"]
[Annotator "ChessBase"]
[PlyCount "77"]
[EventDate "2019.08.28"]
[EventType "swiss"]
[EventCountry "POR"]
[SourceTitle "playchess.com"]
[Source "ChessBase"]
[SourceQuality "1"]
[TimeControl "5400+30"]

1. d4 {[%emt 0:00:00]} Nf6 {[%emt 0:00:00]} 2. c4 {[%emt 0:00:00]} g6 {[%emt 0:00:00]} 3. Nc3 {[%emt 0:00:00]} Bg7 {[%emt 0:00:00]} 4. e4 {[%emt 0:00:00]} d6 {[%emt 0:00:00]} 5. h3 {[%emt 0:00:01]} O-O {[%emt 0:00:08]} 6. Bd3 {[%emt 0:00:09]} Nc6 {[%emt 0:00:15]} 7. d5 {[%emt 0:00:08]} Nd4 {[%emt 0:00:26]} 8. Nge2 {[%emt 0:01:35]} e5 {[%emt 0:00:19]} 9. O-O {[%emt 0:03:43]} Re8 {[%emt 0:04:45]} 10. f3 {[%emt 0:06:00]} c5 {[%emt 0:09:05]} 11. Bg5 {[%emt 0:04:53]} h6 {[%emt 0:05:32]} 12. Bh4 {[%emt 0:00:27]} Qd7 {[%emt 0:03:04]} 13. Qd2 {[%emt 0:13:25]} Kh7 {[%emt 0:03:38]} 14. Rab1 {[%emt 0:08:45]} Nh5 {[%emt 0:07:29]} 15. g4 {[%emt 0:10:01]} Nf6 {[%emt 0:08:28]} 16. Kg2 {[%emt 0:09:13]} Ng8 {[%emt 0:07:15]} 17. Bg3 {[%emt 0:03:14]} g5 {[%emt 0:01:08]} 18. Bf2 {[%emt 0:07:37]} Nxe2 {[%emt 0:01:13]} 19. Nxe2 {[%emt 0:00:11]} Ne7 {[%emt 0:00:25]} 20. h4 {[%emt 0:03:55]} f6 {[%emt 0:00:17]} 21. h5 {[%emt 0:01:37]} Qc7 {[%emt 0:06:04]} 22. b4 {[%emt 0:01:59]} b6 {[%emt 0:00:49]} 23. Nc3 {[%emt 0:01:56]} a6 {[%emt 0:02:38]} 24. Na4 {[%emt 0:04:38]} Bd7 {[%emt 0:00:54]} 25. Nxb6 {[%emt 0:01:37]} Qxb6 {[%emt 0:02:51]} 26. bxc5 {[%emt 0:00:04]} Qd8 {[%emt 0:01:26]} 27. cxd6 {[%emt 0:00:13]} Nc8 {[%emt 0:00:08]} 28. c5 {[%emt 0:00:33]} Bf8 {[%emt 0:00:41]} 29. Qb4 {[%emt 0:02:19]} Kh8 {[%emt 0:01:10]} 30. Rfc1 {[%emt 0:02:44]} Kg7 {[%emt 0:05:08]} 31. Qa3 {[%emt 0:02:28]} a5 {[%emt 0:00:50]} 32. Rb7 {[%emt 0:00:48]} Kh8 {[%emt 0:00:11]} 33. Rcb1 {[%emt 0:00:55]} Kg8 {[%emt 0:02:49]} 34. Rb8 {[%emt 0:01:12]} Rxb8 {[%emt 0:01:20]} 35. Rxb8 {[%emt 0:00:03]} Kh8 {[%emt 0:00:15]} 36. Be1 {[%emt 0:00:50]} a4 {[%emt 0:00:36]} 37. Bb4 {[%emt 0:01:11]} Kg8 {[%emt 0:00:58]} 38. Qc3 {[%emt 0:01:28]} f5 39. exf5 1-0